000 00883 a2200193 4500
001 39203
005 20260407155651.0
008 260407a1988 arg spa d
003 AR-UNSa-BCEJYS
040 _aAR-UNSa-BCEJYS
_bspa
_cAR-UNSa-BCEJYS
080 _a658.8
_xOrganización de mercados. Marketing. Ventas. Distribución
245 1 0 _aMarketing estrategico
_penfoque simbolico de la demanda y clave real del negocio
264 1 _aBuenos Aires :
_bTesis
_c1988
300 _a330 p.
_c23 cm.
505 _aParte I: Conceptos clave : 1. La base del negocio - 2. Demanda - 3. Mercados - 4. Negocio - 5. Marketing estrategico - Parte II: Fundamnetos teoricos : 6. Modelos de decision del consumidor - 7. El universo simbolico - 8. La naturaleza psicologica - 9. El fenomeno del consumo
942 _cBK
590 _aniveau_biblio:m niveau_hierar:0
100 1 _aWilensky, Alberto L.
999 _c2981
_d2981